000 00614nam a2200217Ia 4500
003 OSt
005 20220926043822.0
006 a|||||r|||| 00| 0
007 ta
008 220923b |||||||| |||| 00| 0 eng d
037 _cGeneral Book
040 _aRTL
_cRTL
_beng
041 _2eng
_aeng
082 _aY1, K22
100 _aStark Werner
245 0 _aFundamenatal forms of social thought
490 _aInternational Library of Sociology and Social Reconstruction. Ed by W J H. Sprott
650 _aEssay Sociology
942 _hY1, K22
_cGB
_2CC
999 _c673277
_d673277